000 00529nam a22001577a 4500
005 20251108164728.0
008 250721s1995 xx 000 0 ara d
082 1 4 _a614.88/عبد
100 1 _aالمخللاتي، عبد الرزاق شفيق
245 1 0 _aمبادئ الإسعاف الأولي بين المنقذ و الطبيب /
264 1 _aالرياض :
_bدار الشواف للنشر و التوزيع،
_c1995.
300 _a219ص
650 1 7 _aالإسعاف الأولي
942 _2ddc
_cBK
999 _c12912
_d12912